Bankovní regulace v basilejském stylu

Znepokojenie európskych regulátorov nad americkým jednostranným pohľadom na pravidlá bankového kapitálu. V posledných piatich rokoch svetoví finanční regulátori pracovali na novom súbore pravidiel pre bankový kapitál pomenovanom Basel II. Jeho účelom je zaistiť, aby výška kapitálu v bankách zodpoved...

Descripción completa

Guardado en:
Detalles Bibliográficos
Formato: Capítulo de libro
Lenguaje:checo
Materias:
Etiquetas: Agregar Etiqueta
Sin Etiquetas, Sea el primero en etiquetar este registro!

MARC

LEADER 00000naa$a2200000$$$4500
001 0005265
005 20231004073445.4
041 0 |a cze 
044 |a CZ 
245 1 0 |a Bankovní regulace v basilejském stylu 
520 |a Znepokojenie európskych regulátorov nad americkým jednostranným pohľadom na pravidlá bankového kapitálu. V posledných piatich rokoch svetoví finanční regulátori pracovali na novom súbore pravidiel pre bankový kapitál pomenovanom Basel II. Jeho účelom je zaistiť, aby výška kapitálu v bankách zodpovedala rizikám, ktoré bankám tento kapitál prináša. Dopad štúdie Basel II. 
610 2 0 |a kapitál bankový 
610 2 0 |a regulácia 
610 2 0 |a Bazilej II 
610 2 0 |a banky 
610 2 0 |a riziko bankové 
610 2 0 |a riziko operačné 
610 2 0 |a dohľad bankový 
610 2 0 |a USA 
610 2 0 |a Európa